000 00446nam a2200145Ia 4500
041 _aArabic
082 _a331,2 cut-48 د
100 _a20260118u\\\\\\\\\\\y0engy0103\\\\ba
100 _aعلي محمد ابراهيم الكرباسي
245 0 _aالموسوعة القانونية - قانون ضريبة الدخل
250 _aط1
260 _bمطبعة الزمان
_aبغداد -العراق
_c2001
300 _a80
942 _cBk
999 _c188616
_d188616